Earth science made simple / (Record no. 1136)
[ view plain ]
| 000 -LEADER | |
|---|---|
| fixed length control field | 01146cam a22003374a 4500 |
| 005 - DATE AND TIME OF LATEST TRANSACTION | |
| control field | 20260322212048.0 |
| 008 - FIXED-LENGTH DATA ELEMENTS--GENERAL INFORMATION | |
| fixed length control field | data |
| 010 ## - LIBRARY OF CONGRESS CONTROL NUMBER | |
| LC control number | 2004054438 |
| 020 ## - INTERNATIONAL STANDARD BOOK NUMBER | |
| International Standard Book Number | 0767917030 |
| 020 ## - INTERNATIONAL STANDARD BOOK NUMBER | |
| International Standard Book Number | 9780767917032 |
| 040 ## - CATALOGING SOURCE | |
| Original cataloging agency | DLC |
| Transcribing agency | DLC |
| Modifying agency | DLC |
| 042 ## - AUTHENTICATION CODE | |
| Authentication code | pcc |
| 050 00 - LIBRARY OF CONGRESS CALL NUMBER | |
| Classification number | QE28 |
| Item number | .A38 2004 |
| 082 00 - DEWEY DECIMAL CLASSIFICATION NUMBER | |
| Classification number | 550 |
| Edition information | 22 |
| 092 ## - LOCALLY ASSIGNED DEWEY CALL NUMBER (OCLC) | |
| Classification number | 550 A38 2004 |
| 001 - CONTROL NUMBER | |
| control field | data |
| 100 1# - MAIN ENTRY--PERSONAL NAME | |
| Personal name | Albin, Edward F. |
| 245 10 - TITLE STATEMENT | |
| Title | Earth science made simple / |
| Statement of responsibility, etc. | Edward F. Albin, Frances Chamberlain & Philip Lief Group. |
| 260 ## - PUBLICATION, DISTRIBUTION, ETC. | |
| Place of publication, distribution, etc. | New York : |
| Name of publisher, distributor, etc. | Broadway Books, |
| Date of publication, distribution, etc. | c2004. |
| 300 ## - PHYSICAL DESCRIPTION | |
| Extent | xi, 212 p. : |
| Other physical details | ill., maps ; |
| Dimensions | 26 cm. |
| 490 1# - SERIES STATEMENT | |
| Series statement | Made simple books |
| 500 ## - GENERAL NOTE | |
| General note | "A clear introduction to the science of our planet"--P. 1 of cover. |
| 500 ## - GENERAL NOTE | |
| General note | "No nonsense knowledge"--P. 1 of cover. |
| 500 ## - GENERAL NOTE | |
| General note | Includes index. |
| 650 #0 - SUBJECT ADDED ENTRY--TOPICAL TERM | |
| Topical term or geographic name entry element | Earth sciences. |
| 700 1# - ADDED ENTRY--PERSONAL NAME | |
| Personal name | Chamberlain, Frances. |
| 710 2# - ADDED ENTRY--CORPORATE NAME | |
| Corporate name or jurisdiction name as entry element | Philip Lief Group. |
| 830 #0 - SERIES ADDED ENTRY--UNIFORM TITLE | |
| Uniform title | Made simple (Broadway Books) |
| 856 42 - ELECTRONIC LOCATION AND ACCESS | |
| Materials specified | Contributor biographical information |
| Uniform Resource Identifier | <a href="http://www.loc.gov/catdir/bios/random056/2004054438.html">http://www.loc.gov/catdir/bios/random056/2004054438.html</a> |
| 856 42 - ELECTRONIC LOCATION AND ACCESS | |
| Materials specified | Publisher description |
| Uniform Resource Identifier | <a href="http://www.loc.gov/catdir/description/random051/2004054438.html">http://www.loc.gov/catdir/description/random051/2004054438.html</a> |
| Withdrawn status | Lost status | Damaged status | Not for loan | Home library | Current library | Shelving location | Date acquired | Total checkouts | Full call number | Barcode | Date last seen | Price effective from | Koha item type |
|---|---|---|---|---|---|---|---|---|---|---|---|---|---|
| Riverside | Riverside | General stacks | 22/03/2026 | 550 22 | BC0011174 | 22/03/2026 | 22/03/2026 | Books |